Statystyki dla Państwa Ameryki Północnej

Kliknij tutaj aby rozwiązać quiz!

Ogólne statystyki

  • Ten quiz został rozwiązany 1 525 razy
    (1 485 od ostatniego zresetowania)
  • Średni wynik to 14 z 22

Statystyki odpowiedzi

Państwo% Poprawnych
Stany Zjednoczone
99%
Kanada
99%
Meksyk
94%
Kuba
82%
Dominika
78%
Panama
76%
Dominikana
73%
Jamajka
71%
Haiti
67%
Honduras
67%
Kostaryka
66%
Bahamy
57%
Gwatemala
55%
Nikaragua
54%
Salwador
52%
Belize
52%
Barbados
45%
Antigua i Barbuda
43%
Saint Lucia
34%
Saint Kitts i Nevis
33%
Grenada
32%
Saint Vincent i Grenadyny
31%

Rozkład punktacji

Percentyl według liczby udzielonych odpowiedzi

Procent ludzi z każdym wynikiem

Twoja historia wyników

Nie rozwiązałeś tego quizu od ostatniego zresetowania